Welcome to the Holygrace Academy Library

Please use search bar below to get started

MY INDIA : IDEAS FOR THE FUTURE (Record no. 9095)

MARC details
000 -LEADER
fixed length control field 00347nam a22001337a 4500
082 ## - DEWEY DECIMAL CLASSIFICATION NUMBER
Classification number 158
Item number APJ/M
100 ## - MAIN ENTRY--AUTHOR NAME
Personal name APJ ABDUL KALAM
245 ## - TITLE STATEMENT
Title MY INDIA : IDEAS FOR THE FUTURE
246 ## - VARYING FORM OF TITLE
Title proper/short title MY INDIA : IDEAS FOR THE FUTURE
Remainder of title MY INDIA : IDEAS FOR THE FUTURE
260 ## - PUBLICATION, DISTRIBUTION, ETC. (IMPRINT)
Place of publication HARYANA
Name of publisher PENGUIN
Year of publication 2015
300 ## - PHYSICAL DESCRIPTION
Number of Pages 206
650 ## - SUBJECT ADDED ENTRY--TOPICAL TERM
Topical Term PERSONALITY
942 ## - ADDED ENTRY ELEMENTS (KOHA)
Koha item type Books
Holdings
Withdrawn status Lost status Collection code Home library Current library Shelving location Date acquired Source of acquisition Cost, normal purchase price Full call number Accession Number Koha item type
    Non-fiction Main Library Main Library SHELF-6E-- MALAYALAM PSYCHOLOGICAL &MOTIVATIONAL BOOKS 18/10/2018 PURCHASED 199.00 158 APJ/M 10281 Books